| 000 | 01251nam a2200325Ia 4500 | ||
|---|---|---|---|
| 001 | ebr10279286 | ||
| 003 | CaPaEBR | ||
| 006 | m u | ||
| 007 | cr cn||||||||| | ||
| 008 | 900205s1991 nyua sb 001 0 eng d | ||
| 010 | _z 90006852 | ||
| 020 | _z0195059360 (acid-free paper) | ||
| 020 | _z9780195059366 | ||
| 040 |
_aCaPaEBR _cCaPaEBR |
||
| 035 | _a(OCoLC)252604468 | ||
| 050 | 1 | 4 |
_aHD4901 _b.D49 1991eb |
| 082 | 0 | 4 |
_a331 _220 |
| 100 | 1 | _aDevine, Theresa J. | |
| 245 | 1 | 0 |
_aEmpirical labor economics _h[electronic resource] : _bthe search approach / _cTheresa J. Devine, Nicholas M. Kiefer. |
| 260 |
_aNew York : _bOxford University Press, _c1991. |
||
| 300 |
_ax, 343 p. : _bill. |
||
| 504 | _aIncludes bibliographical references (p. 309-333) and indexes. | ||
| 533 |
_aElectronic reproduction. _bPalo Alto, Calif. : _cebrary, _d2009. _nAvailable via World Wide Web. _nAccess may be limited to ebrary affiliated libraries. |
||
| 650 | 0 | _aLabor economics. | |
| 650 | 0 | _aEconomics. | |
| 655 | 7 |
_aElectronic books. _2local |
|
| 700 | 1 |
_aKiefer, Nicholas M., _d1951- |
|
| 710 | 2 | _aebrary, Inc. | |
| 856 | 4 | 0 |
_uhttp://site.ebrary.com/lib/rucke/Doc?id=10279286 _zAn electronic book accessible through the World Wide Web; click to view |
| 999 |
_c3849 _d3849 |
||